Movies Quiz

Random Movies or Actress Quiz

Classic Movie Actresses Quiz Stats

 Plays Quiz not verified by Sporcle

Score 0/25 Timer 10:00
0 Plays Today
Three of Her Films Actress % Correct
The Wizard of Oz, Meet Me In St. Louis, Judgement at NurembergJudy Garland
95.4%
Roman Holiday, Sabrina, The Nun's StoryAudrey Hepburn
94.5%
Rear Window, High Society, MogamboGrace Kelly
93.6%
Casablanca, Autumn Sonata, GaslightIngrid Bergman
93.2%
Gone With the Wind, A Streetcar Named Desire, Waterloo BridgeVivien Leigh
92.5%
Who's Afraid of Virginia Woolf?, Cat On a Hot Tin Roof, National VelvetElizabeth Taylor
91.1%
All About Eve, The Little Foxes, Of Human BondageBette Davis
90.4%
Adam's Rib, Look Who's Coming to Dinner, On Golden PondKatharine Hepburn
87.2%
It Happened One Night, Midnight, CleopatraClaudette Colbert
81.7%
Key Largo, To Have and Have Not, Murder On the Orient ExpressLauren Bacall
80.8%
Gilda, Cover Girl, Separate TablesRita Hayworth
78.8%
Camille, Queen Christina, NinotchkaGreta Garbo
76.9%
Mildred Pierce, The Women, Grand HotelJoan Crawford
76.5%
Three of Her Films Actress % Correct
The Quiet Man, How Green Was My Valley, The Spanish MainMaureen O'Hara
63.9%
My Man Godfrey, Nothing Sacred, To Be or Not to BeCarole Lombard
63.5%
The Postman Always Rings Twice, The Bad and the Beautiful, Peyton PlaceLana Turner
61.6%
I'm No Angel, She Done Him Wrong, My Little ChickadeeMae West
60.7%
Double Indemnity, Ball of Fire, Golden BoyBarabara Stanwyck
58.9%
The Little Princess, Poor Little Rich Girl, Fort ApacheShirley Temple
58.7%
The Thin Man, The Best Years of Our Lives, The Red PonyMyrna Loy
57.8%
The Barefoot Contessa, The Killers, On the BeachAva Gardner
55%
Laura, The Razor's Edge, Leave Her to HeavenGene Tierney
54.8%
Portrait of Jennie, Duel In the Sun, Song of BernadetteJennifer Jones
50.2%
Shadow of a Doubt, Mrs. Miniver, The Pride of the YankeesTeresa Wright
39.5%
High Sierra, The Sea Wolf, While the City SleepsIda Lupino
32.9%

You're not logged in!

Compare scores with friends on all Sporcle quizzes.
OR
Log In

Show Comments

Extras

Created Apr 30, 2011ReportNominate
Tags:Actress Quiz, classic, three

Top Quizzes Today


Score Distribution

Your Account Isn't Verified!

In order to create a playlist on Sporcle, you need to verify the email address you used during registration. Go to your Sporcle Settings to finish the process.

Report this User

Report this user for behavior that violates our Community Guidelines.

Details: